[Event "Guernsey op 44th"]
[Site "Vale"]
[Date "2018.10.25"]
[Round "5"]
[White "Cummins, John"]
[Black "Hawkins, James Nick"]
[Result "1/2-1/2"]
[WhiteElo "1748"]
[BlackElo "1910"]
[PlyCount "57"]
[EventDate "2018.10.21"]
[EventType "swiss"]
[EventRounds "7"]
[EventCountry "GCI"]
[SourceTitle "CBM 187 Extra"]
[Source "ChessBase"]
[SourceDate "2018.11.04"]
[SourceVersion "1"]
[SourceVersionDate "2018.11.04"]
[SourceQuality "1"]

1. Nf3 Nf6 2. d4 e6 3. e3 b6 4. Bd3 Bb7 5. b3 c5 6. c3 d5 7. Nbd2 Nc6 8. Bb2 Bd6 9. Rc1 0-0 10. 0-0 e5 11. dxc5 bxc5 12. Bb1 e4 13. Ne1 Re8 14. Nc2 Ne5 15. Ne1 Qe7 16. Qc2 Rad8 17. Rd1 Bb8 18. Ba1 Neg4 19. g3 Qe5 20. Ng2 Qh5 21. h4 d4 22. cxd4 Ba6 23. Nc4 g5 24. Rfe1 gxh4 25. Nxh4 cxd4 26. Bxd4 Rd5 27. Bxf6 Nxf6 28. Rxd5 Nxd5 29. a3 1/2-1/2

[Event "Guernsey op 44th"]
[Site "Vale"]
[Date "2018.10.22"]
[Round "2"]
[White "Heppell, Ian"]
[Black "Hawkins, James Nick"]
[Result "1-0"]
[WhiteElo "2031"]
[BlackElo "1910"]
[PlyCount "121"]
[EventDate "2018.10.21"]
[EventType "swiss"]
[EventRounds "7"]
[EventCountry "GCI"]
[SourceTitle "CBM 187 Extra"]
[Source "ChessBase"]
[SourceDate "2018.11.04"]
[SourceVersion "1"]
[SourceVersionDate "2018.11.04"]
[SourceQuality "1"]

1. e4 e5 2. Nf3 Nc6 3. c3 d5 4. Qa4 f6 5. d3 Be6 6. Be2 Bd6 7. b4 dxe4 8. dxe4 Kf7 9. Nbd2 Nge7 10. 0-0 Qd7 11. Bc4 a6 12. Re1 b5 13. Bxe6+ Qxe6 14. Qb3 Nd8 15. a4 Qxb3 16. Nxb3 Nb7 17. Be3 Nc6 18. Red1 Ke6 19. Ne1 Rhd8 20. Kf1 Be7 21. Ke2 Rxd1 22. Kxd1 bxa4 23. Rxa4 a5 24. Ke2 Kd7 25. Nd3 Kc8 26. Ndc5 Kb8 27. Nxb7 Kxb7 28. bxa5 Ka6 29. Kd3 Kb5 30. Ra1 Rd8+ 31. Kc2 Ra8 32. Rb1 Ka6 33. Bc5 Rd8 34. Bxe7 Nxe7 35. Nc5+ Ka7 36. Rb7+ Ka8 37. Rxc7 Rc8 38. Rxc8+ Nxc8 39. Kb3 Nd6 40. Kb4 Ka7 41. f3 f5 42. exf5 Nxf5 43. Nd3 Ne3 44. Nxe5 Nxg2 45. c4 Ne3 46. Kb5 g5 47. a6 Nf5 48. Nc6+ Ka8 49. c5 h5 50. Kb6 Nh4 51. Ne5 Nf5 52. c6 Nd6 53. c7 Nc8+ 54. Kc6 Ka7 55. Kd7 Nb6+ 56. Kd8 Kxa6 57. c8Q+ Nxc8 58. Kxc8 Kb6 59. Kd7 Kc5 60. Ke6 Kd4 61. Kf5 1-0

[Event "GBR-ch U2050 op 104th"]
[Site "Llandudno"]
[Date "2017.08.01"]
[Round "2"]
[White "Hawkins, James Nick"]
[Black "Han, Yichen"]
[Result "1/2-1/2"]
[WhiteElo "1937"]
[BlackElo "1808"]
[PlyCount "40"]
[EventDate "2017.07.31"]
[EventType "swiss"]
[EventRounds "5"]
[EventCountry "WLS"]
[SourceTitle "EXT 2019"]
[Source "ChessBase"]
[SourceDate "2018.10.10"]
[SourceVersion "1"]
[SourceVersionDate "2018.10.10"]
[SourceQuality "1"]

1. c4 Nf6 2. Nc3 g6 3. g3 Bg7 4. Bg2 0-0 5. e4 d6 6. d3 c5 7. Nge2 Nc6 8. 0-0 Bd7 9. h3 a6 10. Be3 e5 11. Qd2 Nd4 12. f4 b5 13. fxe5 dxe5 14. Nd5 Nxd5 15. cxd5 f5 16. Nxd4 cxd4 17. Bh6 Rc8 18. Bxg7 Kxg7 19. Rac1 Qe7 20. Rxc8 Rxc8 1/2-1/2

[Event "Guernsey op 42nd"]
[Site "Vale"]
[Date "2016.10.22"]
[Round "7"]
[White "Hawkins, James Nick"]
[Black "Brookfield, Toby"]
[Result "1/2-1/2"]
[WhiteElo "1944"]
[BlackElo "1906"]
[PlyCount "29"]
[EventDate "2016.10.16"]
[EventType "swiss"]
[EventRounds "7"]
[EventCountry "GCI"]
[SourceTitle "CBM 175 Extra"]
[Source "ChessBase"]
[SourceDate "2016.12.12"]
[SourceVersion "1"]
[SourceVersionDate "2016.12.12"]
[SourceQuality "1"]

1. e4 c5 2. Nf3 d6 3. d4 cxd4 4. Nxd4 Nf6 5. Nc3 g6 6. Be3 Bg7 7. f3 Nc6 8. Bc4 0-0 9. Qd2 Bd7 10. h4 Rc8 11. Bb3 h5 12. 0-0-0 Ne5 13. Bh6 Nc4 14. Bxc4 Rxc4 15. Bxg7 1/2-1/2

[Event "Leiden op-A 9th"]
[Site "Leiden"]
[Date "2015.07.20"]
[Round "4"]
[White "Hawkins, James Nick"]
[Black "Oosterom, Erik"]
[Result "0-1"]
[WhiteElo "1942"]
[BlackElo "2043"]
[PlyCount "60"]
[EventDate "2015.07.17"]
[EventType "swiss"]
[EventRounds "9"]
[EventCountry "NED"]
[SourceTitle "CBM 167 Extra"]
[Source "ChessBase"]
[SourceDate "2015.09.14"]
[SourceVersion "1"]
[SourceVersionDate "2015.09.14"]
[SourceQuality "1"]

1. d4 d5 2. Nf3 Nf6 3. e3 Bf5 4. Nbd2 e6 5. Be2 h6 6. 0-0 Nbd7 7. b3 Bd6 8. Bb2 0-0 9. Ne5 c5 10. f4 cxd4 11. exd4 Rc8 12. c4 dxc4 13. Ndxc4 Nb6 14. Ne3 Be4 15. Bf3 Nbd5 16. Nxd5 exd5 17. Rf2 Qe7 18. Bxe4 Nxe4 19. Rc2 Qh4 20. Nd3 Bxf4 21. Nxf4 Qxf4 22. Bc1 Qf5 23. Be3 Rxc2 24. Qxc2 Rc8 25. Qd3 Nd6 26. Qxf5 Nxf5 27. Rc1 Rxc1+ 28. Bxc1 Nxd4 29. Kf2 f5 30. Ke3 Ne6 0-1

[Event "Guernsey op 40th"]
[Site "Vale"]
[Date "2014.10.25"]
[Round "7"]
[White "Hawkins, James Nick"]
[Black "Brown, Rowan M"]
[Result "1-0"]
[WhiteElo "1923"]
[BlackElo "2195"]
[PlyCount "47"]
[EventDate "2014.10.19"]
[EventType "swiss"]
[EventRounds "7"]
[EventCountry "GCI"]
[SourceTitle "EXT 2016"]
[Source "ChessBase"]
[SourceDate "2015.10.08"]
[SourceVersion "1"]
[SourceVersionDate "2015.10.08"]
[SourceQuality "1"]

1. e4 d6 2. d4 Nf6 3. Nc3 g6 4. f3 Bg7 5. Be3 0-0 6. Qd2 e5 7. dxe5 dxe5 8. 0-0-0 Qe7 9. h4 Be6 10. Bh6 Nc6 11. Bxg7 Kxg7 12. h5 Nxh5 13. Nd5 Bxd5 14. exd5 Nd4 15. c3 Nf5 16. Ne2 e4 17. g4 e3 18. Qe1 Nfg3 19. Nxg3 Nxg3 20. Qxg3 e2 21. Bxe2 Qxe2 22. Rde1 Qa6 23. Qe5+ f6 24. Qe7+ 1-0

[Event "BCF-chT3 1314 (4NCL)"]
[Site "England"]
[Date "2014.05.04"]
[Round "10.139"]
[White "Spencer, Douglas"]
[Black "Hawkins, James Nick"]
[Result "1-0"]
[WhiteElo "1889"]
[BlackElo "1930"]
[PlyCount "52"]
[EventDate "2013.11.16"]
[EventType "team-swiss"]
[EventRounds "11"]
[EventCountry "ENG"]
[SourceTitle "EXT 2015"]
[Source "ChessBase"]
[SourceDate "2014.11.20"]
[SourceVersion "1"]
[SourceVersionDate "2014.11.20"]
[SourceQuality "1"]
[WhiteTeam "West is Best"]
[BlackTeam "Ferry Cross the Maroczy"]
[WhiteTeamCountry "ENG"]
[BlackTeamCountry "ENG"]

1. d4 Nf6 2. Nf3 d5 3. c4 e6 4. Nc3 Be7 5. Bg5 0-0 6. e3 Nbd7 7. cxd5 exd5 8. Qc2 c6 9. Bd3 Re8 10. 0-0 Nf8 11. a3 Be6 12. Na4 h6 13. Bh4 N8d7 14. b4 g5 15. Bg3 Nh5 16. Bh7+ Kg7 17. Be5+ Nxe5 18. Nxe5 Nf6 19. Bd3 Qd6 20. Nc5 Rab8 21. Nxe6+ fxe6 22. Be2 Ne4 23. f3 Bf6 24. fxe4 Bxe5 25. dxe5 Qxe5 26. Bh5 dxe4 1-0

[Event "BCF-chT3N 1314 (4NCL)"]
[Site "England"]
[Date "2014.02.09"]
[Round "6.89"]
[White "Hawkins, James Nick"]
[Black "Gazis, Georgios"]
[Result "1/2-1/2"]
[WhiteElo "1946"]
[BlackElo "1694"]
[PlyCount "36"]
[EventDate "2013.11.16"]
[EventType "team-swiss"]
[EventRounds "6"]
[EventCountry "ENG"]
[SourceTitle "EXT 2015"]
[Source "ChessBase"]
[SourceDate "2014.11.20"]
[SourceVersion "1"]
[SourceVersionDate "2014.11.20"]
[SourceQuality "1"]
[WhiteTeam "Ferry Cross the Maroczy"]
[BlackTeam "North East England II"]
[WhiteTeamCountry "ENG"]
[BlackTeamCountry "ENG"]

1. e4 c5 2. Nf3 Nc6 3. d4 cxd4 4. Nxd4 g6 5. c4 Bg7 6. Be3 Nf6 7. Nc3 d6 8. Be2 0-0 9. 0-0 Bd7 10. Kh1 Nxd4 11. Bxd4 Bc6 12. Qd3 Nd7 13. Bxg7 Kxg7 14. Qd4+ Kg8 15. b4 Qb6 16. Qxb6 Nxb6 17. b5 Bd7 18. Nd5 Nxd5 1/2-1/2

[Event "BCF-chT3N 1314 (4NCL)"]
[Site "England"]
[Date "2013.11.16"]
[Round "1.59"]
[White "Hawkins, James Nick"]
[Black "Ackley, Peter JE"]
[Result "1/2-1/2"]
[WhiteElo "1946"]
[BlackElo "2020"]
[PlyCount "33"]
[EventDate "2013.11.16"]
[EventType "team-swiss"]
[EventRounds "6"]
[EventCountry "ENG"]
[SourceTitle "CBM 157 Extra"]
[Source "ChessBase"]
[SourceDate "2013.12.19"]
[SourceVersion "1"]
[SourceVersionDate "2013.12.19"]
[SourceQuality "1"]
[WhiteTeam "Ferry Cross the Maroczy"]
[BlackTeam "Spirit of Atticus"]
[WhiteTeamCountry "ENG"]
[BlackTeamCountry "ENG"]

1. e4 d6 2. d4 Nf6 3. Nc3 g6 4. Nf3 Bg7 5. h3 0-0 6. Be2 c6 7. a4 Nbd7 8. 0-0 Qc7 9. Be3 b6 10. Qd2 a6 11. Bh6 Bb7 12. Bxg7 Kxg7 13. Qe3 e5 14. dxe5 dxe5 15. Rfd1 Rfd8 16. Rd2 Nf8 17. Rad1 1/2-1/2

[Event "Guernsey op 38th"]
[Site "Guernsey"]
[Date "2012.10.25"]
[Round "5"]
[White "Hawkins, James Nick"]
[Black "Hamperl, Fred A"]
[Result "1/2-1/2"]
[WhiteElo "2001"]
[BlackElo "2130"]
[PlyCount "35"]
[EventDate "2012.10.21"]
[EventType "swiss"]
[EventRounds "7"]
[EventCountry "GCI"]
[SourceTitle "EXT 2013"]
[Source "ChessBase"]
[SourceDate "2012.11.22"]
[SourceVersion "1"]
[SourceVersionDate "2012.11.22"]
[SourceQuality "1"]

1. e4 c5 2. Nc3 Nc6 3. g3 d6 4. Bg2 g6 5. Nge2 Bg7 6. 0-0 e5 7. d3 Nge7 8. Be3 0-0 9. Qd2 Nd4 10. Nd1 Be6 11. c4 Qd7 12. Ndc3 Bh3 13. Nd5 Nxd5 14. cxd5 Bxg2 15. Kxg2 f5 16. f4 Rae8 17. fxe5 Bxe5 18. Bxd4 1/2-1/2

[Event "Gibraltar Masters 8th"]
[Site "Caleta"]
[Date "2010.01.28"]
[Round "3"]
[White "Hawkins, James Nick"]
[Black "Schuetze, Norman"]
[Result "1/2-1/2"]
[WhiteElo "2019"]
[BlackElo "2269"]
[PlyCount "59"]
[EventDate "2010.01.26"]
[EventType "swiss"]
[EventRounds "10"]
[EventCountry "GGB"]
[SourceTitle "CBM 134 Extra"]
[Source "ChessBase"]
[SourceDate "2010.03.03"]
[SourceVersion "1"]
[SourceVersionDate "2010.03.03"]
[SourceQuality "1"]

1. e4 c5 2. Nf3 d6 3. d4 cxd4 4. Nxd4 Nf6 5. Nc3 a6 6. Bg5 Nbd7 7. f4 Qb6 8. Qd2 e5 9. Nb3 Be7 10. 0-0-0 0-0 11. f5 Qc7 12. g4 b5 13. Bd3 Bb7 14. Bxf6 Nxf6 15. g5 b4 16. Nd5 Nxd5 17. exd5 f6 18. g6 Rfc8 19. gxh7+ Kh8 20. Be4 a5 21. Kb1 a4 22. Nc1 Qa5 23. h4 Rc4 24. Qg2 Rac8 25. h5 Bf8 26. Rh3 Qc5 27. Rg3 Rc7 28. h6 Rf7 29. hxg7+ Bxg7 30. Rg1 1/2-1/2

[Event "Vlissingen HZ op 13th"]
[Site "Vlissingen"]
[Date "2009.08.07"]
[Round "8"]
[White "Timmermans, Ivo"]
[Black "Hawkins, James Nick"]
[Result "1-0"]
[WhiteElo "2223"]
[BlackElo "2028"]
[PlyCount "69"]
[EventDate "2009.08.01"]
[EventType "swiss"]
[EventRounds "9"]
[EventCountry "NED"]
[SourceTitle "CBM 131 Extra"]
[Source "ChessBase"]
[SourceDate "2009.09.03"]
[SourceVersion "2"]
[SourceVersionDate "2009.09.16"]
[SourceQuality "1"]

1. c4 e5 2. g3 Nf6 3. Bg2 d5 4. cxd5 Nxd5 5. Nf3 Nc6 6. 0-0 Nb6 7. Nc3 Be7 8. a3 a5 9. d3 Be6 10. Be3 0-0 11. Rc1 f6 12. Ne4 Nd5 13. Bc5 Bd6 14. d4 exd4 15. Bxd6 cxd6 16. Nxd4 Nxd4 17. Qxd4 f5 18. Ng5 Qxg5 19. Bxd5 Bxd5 20. Qxd5+ Kh8 21. Rc7 Qf6 22. Rxb7 f4 23. Rb6 fxg3 24. hxg3 Qe7 25. e3 Rad8 26. Qxa5 Rf6 27. Qb4 Qc7 28. a4 h5 29. a5 Rdf8 30. Qe4 h4 31. Qxh4+ Rh6 32. Qg4 Rff6 33. b3 Rfg6 34. Qc4 Qd7 35. Rb8+ 1-0

[Event "Vlissingen HZ op 13th"]
[Site "Vlissingen"]
[Date "2009.08.02"]
[Round "2"]
[White "Litwak, Aleksej"]
[Black "Hawkins, James Nick"]
[Result "1-0"]
[WhiteElo "2268"]
[BlackElo "2028"]
[PlyCount "107"]
[EventDate "2009.08.01"]
[EventType "swiss"]
[EventRounds "9"]
[EventCountry "NED"]
[SourceTitle "CBM 131 Extra"]
[Source "ChessBase"]
[SourceDate "2009.09.03"]
[SourceVersion "2"]
[SourceVersionDate "2009.09.16"]
[SourceQuality "1"]

1. e4 e5 2. Nf3 Nc6 3. Bb5 a6 4. Ba4 Nf6 5. 0-0 Nxe4 6. d4 b5 7. Bb3 d5 8. dxe5 Be6 9. Nbd2 Nc5 10. c3 Be7 11. Bc2 Bg4 12. Re1 0-0 13. Nb3 Ne6 14. Qd3 g6 15. Bh6 Re8 16. Qe3 Ng7 17. Qf4 Be6 18. Nfd4 Nxd4 19. Nxd4 Bd7 20. Rad1 Ne6 21. Qf3 Nxd4 22. cxd4 Be6 23. Rc1 Qd7 24. Bd2 a5 25. Bd3 Rec8 26. Qe2 c6 27. Qf3 b4 28. Be3 a4 29. h3 Ra5 30. Qf4 Qd8 31. Re2 b3 32. a3 Ra7 33. Ree1 Qf8 34. Rc3 Qd8 35. Rec1 Qb6 36. g4 Ra5 37. Kg2 Qb7 38. Kg3 Qd7 39. g5 Kg7 40. h4 c5 41. dxc5 Qc6 42. Qd4 Rh8 43. Rh1 Rc8 44. Rhc1 Kf8 45. Be2 Ke8 46. Bf3 Rd8 47. Qd2 Ra7 48. Bd4 Kd7 49. Qf4 Kc8 50. Rc4 Ra5 51. Rb4 Rxc5 52. Bxc5 Bxc5 53. Qd4 Bxd4 54. Rxc6+ 1-0